banner-ar

الموسوعة المصورة الكبرى : (Record no. 60262)

MARC details
000 -الفاتح
حقل البيانات ثابتة الطول 01049nam a22002897a 4500
005 - وقت وتاريخ اخر تعامل مع التسجيلة
رقم الضبط 20240530110401.0
008 - عناصر البيانات ثابتة الطول - معلومات عامة
حقل البيانات ثابتة الطول 150120s2008 le o a e 000 0 ara d
020 ## - الرقم الدولى المعيارى للكتب
الرقم الدولى المعيارى للكتاب 9789953280983
040 ## - مصدر الفهرسة
وكالة الفهرسة الأصلية EG-CaGPL
041 1# - رمز اللغة
رمز لغة النص/ المسارات الصوتية أو العنوان الانفرادي ara
رمز لغة الترجمات و/او الاصلية المتوسطة للنص fre
082 04 - رقم تصنيف ديوى العشرى
رقم الطبعة 21
رقم التصنيف 503
رقم المادة ط/ ع م
100 1# - المدخل الرئيسى - إسم شخصى
الإسم الشخصى فرانكو ، كاتى
245 12 - بيان العنوان
العنوان الموسوعة المصورة الكبرى :
بقية العنوان الكوارث الطبيعية لاطلاع الاولاد عليها /
بيان المسئوليه,etc كاتى فرانكو ؛ تعريب جوزف منصور
250 ## - بيان الطبعة
بيان الطبعة ط1
260 ## - PUBLICATION, DISTRIBUTION, ETC. (IMPRINT)
تاريخ النشر أو التوزيع 2008
300 ## - الوصف المادى
التعداد 25 ص :
تفاصيل ماديه اخرى للوعاء صور لو ؛
أبعاد الوعاء 30 سم
650 04 - المدخل الاضافى بالموضوع-مصطلح موضوعى
مصطلح موضوعي كتب الاطفال
650 04 - المدخل الاضافى بالموضوع-مصطلح موضوعى
مصطلح موضوعي ثقافة الاطفال
650 04 - المدخل الاضافى بالموضوع-مصطلح موضوعى
مصطلح موضوعي الكوارث الطبيعية
التقسيم الفرعي الشكلي دوائر معارف
650 04 - المدخل الاضافى بالموضوع-مصطلح موضوعى
مصطلح موضوعي الزلازل
650 04 - المدخل الاضافى بالموضوع-مصطلح موضوعى
مصطلح موضوعي الفيضانات
650 04 - المدخل الاضافى بالموضوع-مصطلح موضوعى
مصطلح موضوعي الاعاصير
650 04 - المدخل الاضافى بالموضوع-مصطلح موضوعى
مصطلح موضوعي الجفاف
700 0# - المدخل الاضافى - اسم شخصى
الإسم الشخصى جوزف منصور
الدور مترجم
942 ## - عناصر المدخل الإضافي( كوها)
مصدر التصنيف او مخطط الترفيف Dewey Decimal Classification
Koha [default] item type كتاب
260 ## - PUBLICATION, DISTRIBUTION, ETC. (IMPRINT)
-- بيروت :
-- دار عويدات للنشر و التوزيع ،
Holdings
حالة التراجع حالة الفقد حالة تلف ليس للاعارة المكان المؤقت الموقع الحالى تاريخ الاكتساب اجمالي اﻻعارات رقم الطلب الباركود تاريخ اخر مشاهدة تاريخ تفعيل السعر نوع وعاء كوها
        مكتبة القاهرة الكبرى مكتبة القاهرة الكبرى 01/20/2015   503 ط/ ع م 159269 01/20/2015 01/20/2015 كتاب

Powered By

EGPV